| Tag |
First Indicator |
Second Indicator |
Subfields |
| LEADER |
00000cam a2200000Ii 4500 |
| 001 |
in00004416421 |
| 005 |
20211018102552.0 |
| 006 |
m o d |
| 007 |
cr cnu|||unuuu |
| 008 |
210615s2021 enka ob 001 0 eng d |
| 020 |
|
|
|a 9780192566089
|q (electronic bk.)
|
| 020 |
|
|
|a 0192566083
|q (electronic bk.)
|
| 020 |
|
|
|a 9780191868665
|q electronic book
|
| 020 |
|
|
|z 9780198830252
|
| 024 |
8 |
|
|a 40030647888
|
| 035 |
|
|
|a (NhCcYBP)ybp17126778
|
| 040 |
|
|
|a NhCcYBP
|c NhCcYBP
|d UtOrBLW
|
| 050 |
|
4 |
|a QD131
|b .K75 2021
|
| 082 |
0 |
4 |
|a 620.112
|2 23
|
| 100 |
1 |
|
|a Krishnan, Kannan M.,
|e author.
|0 http://id.loc.gov/authorities/names/n85812550
|
| 245 |
1 |
0 |
|a Principles of Materials Characterization and Metrology /
|c Kannan M. Krishnan.
|
| 250 |
|
|
|a First edition.
|
| 264 |
|
1 |
|a Oxford, United Kingdom :
|b Oxford University Press,
|c 2021.
|
| 300 |
|
|
|a 1 online resource.
|
| 336 |
|
|
|a text
|b txt
|2 rdacontent
|
| 337 |
|
|
|a computer
|b c
|2 rdamedia
|
| 338 |
|
|
|a online resource
|b cr
|2 rdacarrier
|
| 588 |
|
|
|a Online resource; title from PDF title page (EBSCO, viewed June 16, 2021).
|
| 504 |
|
|
|a Includes bibliographical references and index.
|
| 500 |
|
|
|a Electronic resource.
|
| 650 |
|
0 |
|a Materials
|x Analysis.
|0 http://id.loc.gov/authorities/subjects/sh85082066
|
| 655 |
|
7 |
|a Electronic books.
|2 local
|
| 710 |
2 |
|
|a UPSO (University Press Scholarship Online)
|
| 776 |
1 |
8 |
|i Print version:
|a Krishnan, Kannan M.
|t Principles of Materials Characterization and Metrology
|d Oxford : Oxford University Press USA - OSO,c2021
|z 9780198830252
|
| 856 |
4 |
0 |
|u http://proxy.library.tamu.edu/login?url=https://dx.doi.org/10.1093/oso/9780198830252.001.0001
|z Connect to the full text of this electronic book
|t 0
|
| 945 |
|
|
|b 974913
|
| 955 |
|
|
|a YBP purchased approval e-records
|
| 980 |
|
|
|b 225.00
|g 1
|
| 999 |
f |
f |
|s e62ecc92-4df1-35d7-90f2-5f0378f48743
|i 5fbfeecf-6162-36e5-98eb-fd8184041ca9
|t 0
|
| 952 |
f |
f |
|a Texas A&M University
|b College Station
|c Electronic Resources
|d Available Online
|t 0
|e QD131 .K75 2021
|h Library of Congress classification
|
| 998 |
f |
f |
|a QD131 .K75 2021
|t 0
|l Available Online
|